000 00489nam a2200193Ia 4500
005 20250423100735.0
008 250422s9999 xx 000 0 und d
020 _a9781292217659
050 _aHD 30.25 .R46/
100 _aRender, Barry...[et al.].
245 0 _aQuantitative analysis for management
250 _a13th ed.
260 _aNew York
260 _bPearson
260 _c2019
300 _a597 p
650 _aManagement science. Operations research.
942 _cBK
999 _c34203
_d34203